[Event "13. Sparkassen Open 2014 - Gruppe A"]
[Site "Forchheim"]
[Date "2014.10.03"]
[Round "2.16"]
[White "Imcke, Patrick"]
[Black "Heimrath, Reiner"]
[Result "1/2-1/2"]
[WhiteElo "2048"]
[BlackElo "2192"]
[PlyCount "130"]
[EventDate "2014.??.??"]
[WhiteTeam "SF Katernberg"]
[BlackTeam "SC Noris-Tarrasch Nürnberg"]

1. e4 d6 2. d4 g6 3. Nc3 Bg7 4. Be3 Nd7 5. Qd2 h6 6. Bc4 e6 7. h4 Ne7 8. O-O-O
a6 9. Nh3 b5 10. Bb3 Nb6 11. h5 g5 12. f4 gxf4 13. Nxf4 Bd7 14. d5 e5 15. Ne6
fxe6 16. dxe6 Nc4 17. Bxc4 bxc4 18. exd7+ Qxd7 19. Qe2 O-O 20. Qxc4+ Kh7 21.
Rhf1 a5 22. Nd5 Nc6 23. c3 Kh8 24. Kb1 Rac8 25. Rxf8+ Rxf8 26. Rf1 Rxf1+ 27.
Qxf1 Nd8 28. b3 c6 29. Nb6 Qe8 30. Qf5 Nb7 31. Nd7 Qe7 32. Nb6 Qe8 33. Kb2 Kg8
34. g4 Nd8 35. Nd7 Qf7 36. Bb6 Ne6 37. Qxf7+ Kxf7 38. Bxa5 Ng5 39. Bc7 Ke6 40.
Nb8 Nxe4 41. a4 Nf6 42. a5 Nd5 43. Bd8 e4 44. a6 Nxc3 45. Kc2 Nb5 46. Bb6 c5
47. a7 Nxa7 48. Bxa7 Bf6 49. Na6 Kd5 50. b4 cxb4 51. Nxb4+ Kc4 52. Nc6 Kd5 53.
Nb4+ Kc4 54. Nc6 Bg5 55. Na5+ Kd5 56. Nb3 Ke5 57. Bb8 Be7 58. Kd2 Kf4 59. Nd4
Kxg4 60. Ke3 d5 61. Bf4 Kxh5 62. Ne6 Ba3 63. Kd4 Kg4 64. Bxh6 Kf3 65. Kxd5 e3
1/2-1/2

[Event "13. Sparkassen Open 2014 - Gruppe A"]
[Site "Forchheim"]
[Date "2014.10.03"]
[Round "2.17"]
[White "Berndt, Matthias"]
[Black "Kolthoff, Siegmund"]
[Result "1/2-1/2"]
[WhiteElo "2148"]
[BlackElo "2073"]
[PlyCount "66"]
[EventDate "2014.??.??"]

1. e4 c5 2. Nc3 e6 3. g3 Nc6 4. Bg2 Nf6 5. f4 d5 6. e5 Nd7 7. Nf3 a6 8. Ne2 b5
9. d3 Bb7 10. O-O Be7 11. Re1 Qc7 12. Bd2 O-O 13. c3 Rfe8 14. Rc1 Rac8 15. g4
Qb8 16. Be3 a5 17. d4 b4 18. dxc5 Nxc5 19. c4 Red8 20. cxd5 Rxd5 21. Nfd4 Nxd4
22. Nxd4 Rdd8 23. Re2 Bxg2 24. Rxg2 g6 25. Rgc2 Qb7 26. Qf3 Qa6 27. Kg2 Nd3 28.
Rxc8 Rxc8 29. Rxc8+ Qxc8 30. Qc6 Qd8 31. Qe4 Nc5 32. Qf3 Nd3 33. Qe4 Nc5
1/2-1/2

[Event "13. Sparkassen Open 2014 - Gruppe A"]
[Site "Forchheim"]
[Date "2014.10.03"]
[Round "2.18"]
[White "Süß, Stefan"]
[Black "Flüchter, Gregor"]
[Result "1/2-1/2"]
[WhiteElo "1966"]
[BlackElo "2155"]
[PlyCount "91"]
[EventDate "2014.??.??"]
[WhiteTeam "SC Noris-Tarrasch Nürnberg"]
[BlackTeam "SF Brackel"]

1. e4 c5 2. Nf3 d6 3. d4 cxd4 4. Nxd4 Nf6 5. Nc3 a6 6. Be2 e5 7. Nb3 Be7 8. O-O
O-O 9. Be3 Be6 10. Nd5 Nxd5 11. exd5 Bf5 12. c4 Nd7 13. f4 exf4 14. Bxf4 Bg6
15. Qd2 Re8 16. Rac1 Qb6+ 17. Kh1 Bf6 18. Bd3 Bxd3 19. Qxd3 Bxb2 20. Rb1 Be5
21. Qf5 Qc7 22. Nd2 Bxf4 23. Qxf4 Ne5 24. Ne4 Nxc4 25. Rbc1 b5 26. Rc3 Qe7 27.
Rg3 Kh8 28. Ng5 Ne5 29. Qf5 g6 30. Qh3 f5 31. Ne6 Qf6 32. Nc7 Qf7 33. Nxa8 Rxa8
34. Rc3 Qxd5 35. Rc7 Nf7 36. Qc3+ Ne5 37. Re1 Rf8 38. Qh3 Rf7 39. Rxf7 Nxf7 40.
Qc3+ Ne5 41. Qc8+ Kg7 42. Qc7+ Kh6 43. Qc1+ Kg7 44. Qc7+ Kh6 45. Qc1+ Kg7 46.
Qc7+ 1/2-1/2

[Event "13. Sparkassen Open 2014 - Gruppe A"]
[Site "Forchheim"]
[Date "2014.10.03"]
[Round "2.19"]
[White "Braun, Michael"]
[Black "Walter, Florian"]
[Result "1/2-1/2"]
[WhiteElo "1970"]
[BlackElo "2122"]
[PlyCount "118"]
[EventDate "2014.??.??"]
[WhiteTeam "SG Büchenbach/Roth"]
[BlackTeam "SC Noris-Tarrasch Nürnberg"]

1. d4 d5 2. c4 c6 3. Nf3 Nf6 4. e3 e6 5. Nc3 Nbd7 6. Bd2 Be7 7. b3 O-O 8. Bd3
b6 9. O-O Bb7 10. cxd5 cxd5 11. Bc1 Rc8 12. Bb2 Ne4 13. Rc1 Bb4 14. Nb1 Qe7 15.
Qe2 f5 16. Nfd2 Bd6 17. f4 a5 18. Nxe4 dxe4 19. Bc4 Nf6 20. Nc3 Bc6 21. Rfd1
Bb4 22. Rc2 Qd7 23. a4 Bxc3 24. Rxc3 Bd5 25. Bb5 Qd6 26. Rdc1 Rxc3 27. Rxc3 h6
28. Qc2 Kh7 29. Qc1 Qd8 30. Ba3 Rg8 31. Rc7 Qb8 32. Bd6 Kh8 33. Be5 Qd8 34. h3
Bxb3 35. Qc6 Nd5 36. Rd7 Qh4 37. Qxe6 Nxe3 38. Qxb3 Qe1+ 39. Kh2 Qf2 40. Qxg8+
Kxg8 41. Rxg7+ Kf8 42. Rg6 Nf1+ 43. Kh1 Ng3+ 44. Kh2 Ne2 45. Bxe2 Qxe2 46. d5
Qd1 47. d6 e3 48. Bc3 e2 49. Re6 Qd3 50. Be1 Qd5 51. Rxe2 Qxd6 52. Re5 Qd7 53.
Bf2 Qxa4 54. Rxf5+ Kg7 55. Bxb6 Kg6 56. Rxa5 Qxf4+ 57. Kh1 Qb4 58. Bc7 Qc3 59.
Ra6+ Kg7 1/2-1/2

[Event "13. Sparkassen Open 2014 - Gruppe A"]
[Site "Forchheim"]
[Date "2014.10.03"]
[Round "2.20"]
[White "Grüttner, Ralf"]
[Black "Jähn, Michael"]
[Result "0-1"]
[WhiteElo "2107"]
[BlackElo "1984"]
[PlyCount "98"]
[EventDate "2014.??.??"]
[WhiteTeam "SK Freising"]
[BlackTeam "VfB Schach Leipzig"]

1. e4 d6 2. d4 Nf6 3. Nc3 g6 4. Be3 c6 5. Qd2 b5 6. f3 Nbd7 7. g4 Nb6 8. g5 Nh5
9. b3 a6 10. Nge2 Qc7 11. Ng3 Ng7 12. Bg2 e5 13. O-O b4 14. Nce2 c5 15. dxc5
dxc5 16. c3 Bd7 17. cxb4 cxb4 18. Rac1 Qb7 19. f4 Rd8 20. Qb2 Qb8 21. fxe5 Ne6
22. Nd4 Bg7 23. Qf2 O-O 24. Ndf5 Nc8 25. Nxg7 Kxg7 26. Qf6+ Kg8 27. h4 Na7 28.
h5 Nc6 29. Rxc6 Bxc6 30. Bh3 Rde8 31. h6 Qd8 32. Qf3 Nxg5 33. Qg4 Nxh3+ 34.
Qxh3 Rxe5 35. Qg4 Re6 36. Rd1 Rd6 37. Rxd6 Qxd6 38. Qg5 f6 39. Qg4 Bd7 40. Qf3
Rf7 41. Bf4 Qc6 42. Qd3 Be8 43. Qd8 Qd7 44. Qb6 Qa7 45. Qxa7 Rxa7 46. Bd6 a5
47. Ne2 Rd7 48. e5 fxe5 49. Bxe5 Re7 0-1

[Event "13. Sparkassen Open 2014 - Gruppe A"]
[Site "Forchheim"]
[Date "2014.10.03"]
[Round "2.21"]
[White "Ulusoy, Tolga"]
[Black "Monninger, Moritz"]
[Result "1-0"]
[WhiteElo "2023"]
[BlackElo "2152"]
[PlyCount "41"]
[EventDate "2014.??.??"]
[WhiteTeam "SC Noris-Tarrasch Nürnberg"]
[BlackTeam "SV Puschendorf"]

1. e4 d5 2. exd5 Qxd5 3. Nc3 Qa5 4. d4 c6 5. Bc4 Nf6 6. Nf3 Bf5 7. Ne5 e6 8.
Bd2 Qb6 9. Qe2 Qxd4 10. O-O-O Ne4 11. Bg5 Nxc3 12. bxc3 Ba3+ 13. Kb1 Qb6+ 14.
Bb3 f6 15. g4 O-O 16. Nc4 Qa6 17. gxf5 fxg5 18. fxe6 Be7 19. Rhe1 b5 20. Ne5 c5
21. Bd5 1-0

[Event "13. Sparkassen Open 2014 - Gruppe A"]
[Site "Forchheim"]
[Date "2014.10.03"]
[Round "2.22"]
[White "Nussbaumer, Johann"]
[Black "Pichl, Michael"]
[Result "1-0"]
[WhiteElo "2041"]
[BlackElo "2037"]
[PlyCount "119"]
[EventDate "2014.??.??"]
[BlackTeam "SV Empor Erfurt"]

1. d4 g6 2. c4 Bg7 3. Nc3 d6 4. e4 a6 5. h3 c6 6. Nf3 b5 7. Bd3 e6 8. Qc2 Ne7
9. Be3 O-O 10. g4 bxc4 11. Bxc4 d5 12. Be2 c5 13. exd5 cxd4 14. Bxd4 Nxd5 15.
Bxg7 Kxg7 16. O-O-O Bb7 17. Nxd5 Bxd5 18. Bc4 Qf6 19. Bxd5 exd5 20. Qc3 Qxc3+
21. bxc3 Rc8 22. Kc2 Nc6 23. a3 Ne7 24. Rhe1 Rc7 25. Nd4 Rac8 26. Re3 Kf8 27.
Rde1 Nc6 28. Nxc6 Rxc6 29. Rd1 Rf6 30. f3 Rc5 31. Rd4 Rfc6 32. Red3 Rd6 33. Kd2
Ke7 34. g5 Ke6 35. Rh4 Ra5 36. a4 d4 37. cxd4 Rxg5 38. Rxh7 Rf5 39. Rh4 Kd5 40.
Rc3 Rc6 41. Rxc6 Kxc6 42. Ke3 Kd5 43. Rh8 Kc4 44. Ke4 Kb4 45. Rc8 Rg5 46. d5
Rg1 47. d6 Rd1 48. Ke5 Kxa4 49. Rf8 Kb5 50. Rxf7 Re1+ 51. Kf6 Kc6 52. Ra7 Kb6
53. Re7 Rd1 54. Ke6 a5 55. Rf7 Kc6 56. Rc7+ Kb6 57. Rc3 Re1+ 58. Kf7 Rd1 59.
Ke7 Re1+ 60. Kd8 1-0

[Event "13. Sparkassen Open 2014 - Gruppe A"]
[Site "Forchheim"]
[Date "2014.10.03"]
[Round "2.23"]
[White "Poghosyan, Tigran"]
[Black "Weber, Daniel"]
[Result "0-1"]
[WhiteElo "1927"]
[BlackElo "2003"]
[PlyCount "46"]
[EventDate "2014.??.??"]
[WhiteTeam "Lübecker SV"]
[BlackTeam "SC Bechhofen"]

1. e4 Nc6 2. Nf3 Nf6 3. Nc3 d5 4. exd5 Nxd5 5. Bc4 Nxc3 6. bxc3 e6 7. O-O Bd6
8. d4 O-O 9. Bg5 Ne7 10. Bd3 c5 11. Qe2 Qc7 12. Qe4 Ng6 13. c4 h6 14. Bd2 f5
15. Qe3 Bf4 16. Qe2 cxd4 17. Nxd4 Bxh2+ 18. Kh1 Be5 19. Nb5 Qe7 20. Qh5 Bxa1
21. Qxg6 Be5 22. g3 Bd7 23. Kg2 Be8 0-1

[Event "13. Sparkassen Open 2014 - Gruppe A"]
[Site "Forchheim"]
[Date "2014.10.03"]
[Round "2.25"]
[White "Kroneder, Christian"]
[Black "Zhao, Kevin"]
[Result "0-1"]
[WhiteElo "2048"]
[BlackElo "1907"]
[PlyCount "76"]
[EventDate "2014.??.??"]
[WhiteTeam "SK Schwanstetten"]
[BlackTeam "SC Erlangen"]

1. e4 e6 2. d4 d5 3. Nd2 Nf6 4. e5 Nfd7 5. Bd3 c5 6. c3 Nc6 7. Ne2 Qb6 8. Nf3
cxd4 9. cxd4 f6 10. exf6 Nxf6 11. O-O Bd6 12. b3 e5 13. dxe5 Nxe5 14. Nxe5 Bxe5
15. Be3 Qd6 16. Rc1 Ng4 17. Bb5+ Bd7 18. Bxd7+ Qxd7 19. Bf4 O-O 20. Bxe5 Nxe5
21. Qd4 Nc6 22. Qc5 Rad8 23. Nd4 Rf6 24. Rfd1 Rg6 25. Nxc6 bxc6 26. Rd3 Re8 27.
b4 Qg4 28. Rg3 Qe4 29. f3 Qe2 30. Rxg6 hxg6 31. h3 Qd2 32. Rf1 Re2 33. Rf2 Rxf2
34. Qxf2 Qxb4 35. Qxa7 d4 36. Qa8+ Kh7 37. Qxc6 Qe1+ 38. Kh2 d3 0-1

[Event "13. Sparkassen Open 2014 - Gruppe A"]
[Site "Forchheim"]
[Date "2014.10.03"]
[Round "2.26"]
[White "Pölsterl, Hans"]
[Black "Tassell, Pierre"]
[Result "1/2-1/2"]
[WhiteElo "1973"]
[BlackElo "2041"]
[PlyCount "125"]
[EventDate "2014.??.??"]
[WhiteTeam "SG Siemens Erlangen"]
[BlackTeam "SC Bavaria Regensb."]

1. c4 c5 2. Nc3 g6 3. e4 Bg7 4. g3 Nc6 5. Bg2 d6 6. Nge2 e5 7. d3 Nge7 8. Bg5
h6 9. Be3 O-O 10. Qd2 Kh7 11. f4 exf4 12. gxf4 Nd4 13. O-O-O Rb8 14. Rdf1 f5
15. h4 a6 16. h5 gxh5 17. Rxh5 b5 18. Bxd4 cxd4 19. Nd5 bxc4 20. dxc4 Nxd5 21.
exd5 d3 22. Nc3 Qb6 23. Re1 Qd4 24. Rh3 Qxc4 25. Rxd3 Bd7 26. Re7 Be8 27. Bf1
Rf7 28. Rf3 Bxc3 29. bxc3 Qc5 30. Rxf7+ Bxf7 31. c4 Qb4 32. Qxb4 Rxb4 33. Bd3
Kg6 34. Kc2 Rb8 35. Kc3 Kf6 36. Rh3 h5 37. Be2 Rh8 38. Kd4 Re8 39. Bf3 a5 40.
Rh1 Rb8 41. Bxh5 Bxh5 42. Rxh5 Rb2 43. Rh6+ Ke7 44. Re6+ Kd7 45. Rf6 Rxa2 46.
Rxf5 a4 47. Rf7+ Ke8 48. Ra7 Ra1 49. Kc3 a3 50. Kb3 Rb1+ 51. Kc2 Rf1 52. Rxa3
Rxf4 53. Kc3 Rf1 54. Kb4 Rb1+ 55. Rb3 Rc1 56. Kb5 Kd7 57. Rh3 Rb1+ 58. Ka4 Ra1+
59. Kb3 Rb1+ 60. Kc2 Rg1 61. Rh7+ Kd8 62. Kb3 Rb1+ 63. Kc2 1/2-1/2

[Event "13. Sparkassen Open 2014 - Gruppe A"]
[Site "Forchheim"]
[Date "2014.10.03"]
[Round "2.27"]
[White "Lenhardt, Manfred"]
[Black "Schäfer, Sven"]
[Result "1-0"]
[WhiteElo "2112"]
[BlackElo "1966"]
[PlyCount "109"]
[EventDate "2014.??.??"]
[WhiteTeam "SC Weisse Dame"]
[BlackTeam "SK Dessau"]

1. d4 Nf6 2. Nc3 d5 3. Bg5 g6 4. Bxf6 exf6 5. e3 c6 6. Bd3 Bd6 7. Qf3 f5 8.
Nge2 Nd7 9. g4 fxg4 10. Qxg4 Nc5 11. Qg2 Nxd3+ 12. cxd3 Be6 13. e4 Qd7 14.
O-O-O O-O-O 15. Kb1 Bc7 16. Rc1 Kb8 17. Rc2 Bh3 18. Qg1 h5 19. f3 Be6 20. Qf2
g5 21. Rhc1 Rc8 22. f4 gxf4 23. Nxf4 Qd6 24. e5 Qe7 25. Na4 Bb6 26. Nc5 Rcf8
27. Rg1 Bxc5 28. dxc5 h4 29. Re2 Rhg8 30. Ree1 Bf5 31. Kc2 h3 32. Nh5 Rxg1 33.
Qxg1 Qh4 34. Nf6 Qa4+ 35. Kd2 Qb4+ 36. Kc1 Bxd3 37. Nd7+ Kc7 38. Nxf8 d4 39.
Ne6+ fxe6 40. Qg7+ Kc8 41. Qf8+ Kc7 42. Qe7+ Kc8 43. Qxe6+ Kd8 44. Kd1 Qxc5 45.
Qd6+ Qxd6 46. exd6 Kd7 47. Re7+ Kxd6 48. Rxb7 a6 49. Ra7 Kd5 50. Kd2 Bf1 51. b4
Bb5 52. Rh7 Bf1 53. Rf7 Bg2 54. a3 c5 55. Rf5+ 1-0

[Event "13. Sparkassen Open 2014 - Gruppe A"]
[Site "Forchheim"]
[Date "2014.10.03"]
[Round "2.28"]
[White "Keil, Roland"]
[Black "Schulz, Lukas"]
[Result "0-1"]
[WhiteElo "2049"]
[BlackElo "2000"]
[PlyCount "76"]
[EventDate "2014.??.??"]
[WhiteTeam "SC Waiblingen"]
[BlackTeam "SC Höchstadt/Aisch"]

1. e4 d5 2. exd5 Nf6 3. d4 Nxd5 4. Bb5+ Bd7 5. Bc4 Bf5 6. Bg5 h6 7. Qf3 Be6 8.
Bh4 c6 9. Ne2 Nd7 10. O-O N7b6 11. Bb3 Qd7 12. c3 g5 13. Bg3 h5 14. h4 Bh6 15.
c4 Nf6 16. Be5 Bg4 17. Qd3 gxh4 18. Bxf6 exf6 19. Re1 O-O-O 20. a4 h3 21. a5
Na8 22. a6 b6 23. Nbc3 hxg2 24. c5 f5 25. f3 Bh3 26. f4 Bg4 27. cxb6 Nxb6 28.
Rac1 Kb8 29. d5 Qd6 30. Qe3 Rhe8 31. Qf2 Bxe2 32. Nxe2 Nxd5 33. Ba4 Rxe2 34.
Qxe2 Nxf4 35. Qc4 Nh3+ 36. Kxg2 Rg8+ 37. Kf3 Rg3+ 38. Ke2 Qd2+ 0-1

[Event "13. Sparkassen Open 2014 - Gruppe A"]
[Site "Forchheim"]
[Date "2014.10.03"]
[Round "2.29"]
[White "Willim, Michael"]
[Black "Muth, Matthias P"]
[Result "0-1"]
[WhiteElo "2137"]
[BlackElo "2040"]
[PlyCount "86"]
[EventDate "2014.??.??"]

1. c4 e5 2. g3 f5 3. Bg2 Nf6 4. Nc3 d6 5. e3 Be7 6. Nge2 O-O 7. O-O c6 8. d4
Nbd7 9. b3 Re8 10. Qc2 Nf8 11. c5 dxc5 12. dxe5 Ng4 13. f4 Be6 14. Na4 Nd7 15.
e4 g6 16. exf5 gxf5 17. b4 cxb4 18. Nd4 Nf8 19. Nxe6 Nxe6 20. Rd1 Qc8 21. h3
Nh6 22. Be3 Qc7 23. Qb3 Bf8 24. Kh2 Kh8 25. Rd2 b5 26. Nb2 a5 27. Rc1 Ra6 28.
Qd1 Rd8 29. Rxd8 Nxd8 30. Rc2 Ne6 31. Rd2 Qf7 32. Rd7 Qg6 33. Bf1 Ra8 34. Be2
Qg8 35. g4 Bc5 36. Bxc5 Nxc5 37. Rd6 Qxa2 38. Qd4 Ne6 39. Qd2 a4 40. gxf5 Nxf5
41. Rxc6 a3 42. Qd7 axb2 43. Rxe6 b1=Q 0-1

[Event "13. Sparkassen Open 2014 - Gruppe A"]
[Site "Forchheim"]
[Date "2014.10.03"]
[Round "2.30"]
[White "Kirchhof, Arno"]
[Black "Reimann, Gunther"]
[Result "1/2-1/2"]
[WhiteElo "2053"]
[BlackElo "1981"]
[PlyCount "189"]
[EventDate "2014.??.??"]
[WhiteTeam "SC Zugzwang 95"]
[BlackTeam "SC Winnenden"]

1. d4 d5 2. c4 c6 3. e3 Nf6 4. Nf3 e6 5. b3 b6 6. Bb2 Bb7 7. Be2 Be7 8. O-O O-O
9. Nbd2 Nbd7 10. Rc1 Rc8 11. Bd3 c5 12. Qe2 Ne4 13. Rfd1 Bf6 14. Ne5 Qe7 15.
Nxe4 dxe4 16. Nxd7 Qxd7 17. Bb1 Qe7 18. dxc5 Bxb2 19. Qxb2 bxc5 20. Qe5 f6 21.
Qh5 Rfd8 22. h3 g6 23. Qe2 Kf7 24. Rxd8 Rxd8 25. Rd1 Rd6 26. Kf1 Qc7 27. g3 e5
28. Bc2 Ke7 29. Ke1 Qd7 30. Rxd6 Qxd6 31. Qd2 Qe6 32. Qa5 Qb6 33. Qxb6 axb6 34.
a3 Bc8 35. h4 Bb7 36. Kd2 f5 37. Bd1 h6 38. b4 Kd6 39. Ba4 Ba6 40. Kc3 Bc8 41.
Be8 g5 42. hxg5 hxg5 43. Kb3 Be6 44. a4 Bc8 45. Bf7 Bb7 46. Bg6 Bc8 47. Bh7 Kc6
48. Bg8 Kb7 49. Bd5+ Ka6 50. Bc6 Be6 51. Bb5+ Kb7 52. bxc5 bxc5 53. a5 Ka7 54.
Ka3 Kb7 55. Ka4 Ka7 56. Kb3 Kb7 57. Kc3 Ka7 58. Kd2 Kb7 59. Ke2 Ka7 60. f3
exf3+ 61. Kxf3 Bc8 62. Ke2 Bb7 63. Kd3 Be4+ 64. Ke2 Kb7 65. Kd2 Kc7 66. Ke2 Kd6
67. Be8 Bb7 68. Bf7 f4 69. exf4 gxf4 70. gxf4 exf4 71. Kf2 Ke5 72. Bg8 Kd4 73.
Bf7 Kc3 74. Bd5 Bc8 75. Kf3 Kb4 76. Kxf4 Kxa5 77. Ke3 Kb4 78. Bf7 Kc3 79. Ke4
Bb7+ 80. Ke5 Kb4 81. Kf4 Ba6 82. Ke3 Bxc4 83. Bg6 Kc3 84. Bf5 Bf7 85. Bd3 Bc4
86. Bf5 Kb4 87. Kd2 Bf7 88. Bd3 Be8 89. Kc2 Bd7 90. Kb2 Ba4 91. Be2 Bb3 92. Bd3
Bc4 93. Bf5 Be2 94. Be6 Kb5 95. Kb3 1/2-1/2

[Event "13. Sparkassen Open 2014 - Gruppe A"]
[Site "Forchheim"]
[Date "2014.10.03"]
[Round "2.31"]
[White "Zeltner, Ottmar"]
[Black "Auburger, Philipp"]
[Result "1/2-1/2"]
[WhiteElo "2041"]
[BlackElo "1972"]
[PlyCount "108"]
[EventDate "2014.??.??"]
[WhiteTeam "SK Rothenburg"]
[BlackTeam "SC Forchheim"]

1. e4 e5 2. Nf3 Nf6 3. Nxe5 d6 4. Nf3 Nxe4 5. d4 d5 6. Bd3 Be7 7. O-O Nc6 8. c3
Bg4 9. Re1 f5 10. Be2 O-O 11. Ne5 Nxe5 12. f3 Ng6 13. fxg4 Bd6 14. g5 Nxg5 15.
Bxg5 Qxg5 16. Bf3 c6 17. Nd2 Rae8 18. Nf1 Nh4 19. Qd3 f4 20. Re2 Rxe2 21. Qxe2
Nxf3+ 22. Qxf3 Re8 23. Rd1 Qg6 24. Rd2 Qe4 25. Rf2 c5 26. Nd2 Qe1+ 27. Rf1 Qe3+
28. Rf2 Qxf3 29. Nxf3 h6 30. Kf1 c4 31. b3 b5 32. bxc4 bxc4 33. Rb2 Rb8 34. Re2
Kf7 35. Ne5+ Bxe5 36. Rxe5 Rb5 37. Ke2 g5 38. Kf3 Kf6 39. h4 Ra5 40. hxg5+ hxg5
41. a4 Rxa4 42. Rxd5 Ra3 43. Kg4 Rxc3 44. Rf5+ Ke6 45. Re5+ Kd6 46. Kxg5 f3 47.
gxf3 Rxf3 48. Rc5 Rc3 49. Kf4 Ra3 50. Ke4 Ra4 51. Rd5+ Kc6 52. Rc5+ Kd6 53.
Rd5+ Ke6 54. Re5+ Kd6 1/2-1/2

[Event "13. Sparkassen Open 2014 - Gruppe A"]
[Site "Forchheim"]
[Date "2014.10.03"]
[Round "2.32"]
[White "Reuter, Roland"]
[Black "Fischer-Brandies, Alexander"]
[Result "1/2-1/2"]
[WhiteElo "1998"]
[BlackElo "1931"]
[PlyCount "121"]
[EventDate "2014.??.??"]
[WhiteTeam "SK Schwabach"]
[BlackTeam "Gautinger SC"]

1. e4 c6 2. Nf3 d5 3. exd5 cxd5 4. d4 Nc6 5. Bf4 Bg4 6. Be2 Nf6 7. O-O e6 8.
Nc3 Be7 9. h3 Bh5 10. Re1 O-O 11. Ne5 Bxe2 12. Nxe2 Rc8 13. c3 b5 14. a3 Nd7
15. Nxd7 Qxd7 16. Qd3 Na5 17. Ng3 Nc4 18. Re2 a5 19. Rae1 b4 20. axb4 axb4 21.
cxb4 Bxb4 22. Ra1 Bd6 23. Nh5 Bxf4 24. Nxf4 Rb8 25. b3 Nd6 26. Ra6 Ne4 27. Rea2
Qb5 28. R2a3 h6 29. f3 Ng3 30. Kf2 Nf5 31. Qxb5 Rxb5 32. Ne2 Rb4 33. R6a4 Rfb8
34. g4 Nd6 35. Rxb4 Rxb4 36. Ra8+ Kh7 37. Rd8 Nb5 38. Rd7 Nxd4 39. Nxd4 Rxd4
40. Rxf7 Rb4 41. Ke3 Kg6 42. Rf8 Rxb3+ 43. Kf4 Rb7 44. Ke5 Rf7 45. Re8 Rxf3 46.
Rxe6+ Kg5 47. h4+ Kxg4 48. Rg6+ Kxh4 49. Rxg7 Rd3 50. Rg1 h5 51. Kf4 Rd4+ 52.
Ke5 Rd2 53. Kf4 Rf2+ 54. Ke5 Kh3 55. Rh1+ Rh2 56. Rd1 Rf2 57. Rh1+ Kg4 58. Rg1+
Kf3 59. Rh1 Kg4 60. Rg1+ Kh3 61. Rh1+ 1/2-1/2

[Event "13. Sparkassen Open 2014 - Gruppe A"]
[Site "Forchheim"]
[Date "2014.10.04"]
[Round "3.1"]
[White "Golda, Harald"]
[Black "Seyb, Alexander"]
[Result "0-1"]
[WhiteElo "2349"]
[BlackElo "2374"]
[PlyCount "66"]
[EventDate "2014.??.??"]

1. d4 Nf6 2. Nf3 g6 3. c4 Bg7 4. g3 c6 5. Bg2 d5 6. cxd5 cxd5 7. O-O O-O 8. Nc3
Ne4 9. Be3 Nxc3 10. bxc3 Nc6 11. Rb1 Na5 12. Ne5 b6 13. c4 Bb7 14. c5 bxc5 15.
Bd2 Bxe5 16. Bxa5 Qxa5 17. Rxb7 Bxd4 18. e3 Bf6 19. Qxd5 Rab8 20. Rxb8 Rxb8 21.
Rc1 Rb2 22. Qxc5 Qd2 23. Rf1 Rxa2 24. Bd5 Rc2 25. Qb5 e6 26. Be4 Rb2 27. Qa6
Ra2 28. Qc8+ Kg7 29. Bc6 Bg5 30. Qb7 Bxe3 31. Be8 Bxf2+ 32. Kh1 Qd5+ 33. Qxd5
exd5 0-1

[Event "13. Sparkassen Open 2014 - Gruppe A"]
[Site "Forchheim"]
[Date "2014.10.04"]
[Round "3.2"]
[White "Jaehn, Michael"]
[Black "Hacker, Jonas"]
[Result "1/2-1/2"]
[WhiteElo "1984"]
[BlackElo "2242"]
[PlyCount "116"]
[EventDate "2014.??.??"]

1. d4 d5 2. Nf3 Nf6 3. c4 c6 4. Qc2 dxc4 5. Qxc4 Bf5 6. e3 e6 7. Bd3 Bxd3 8.
Qxd3 Nbd7 9. O-O Bd6 10. Rd1 O-O 11. Nc3 Qc7 12. e4 e5 13. dxe5 Bxe5 14. Nxe5
Nxe5 15. Qd6 Qxd6 16. Rxd6 h6 17. b3 Rfd8 18. Ba3 Ne8 19. Rxd8 Rxd8 20. Rd1
Rxd1+ 21. Nxd1 f6 22. Kf1 Kf7 23. Ke2 b6 24. f4 Nd7 25. Ne3 Ke6 26. Kd3 c5 27.
Nf5 h5 28. Bb2 b5 29. g3 a6 30. Ne3 Nd6 31. Nd5 Nxe4 32. Nc7+ Kf5 33. Nxa6 Nb6
34. Bc1 c4+ 35. bxc4 Nxc4 36. Nc7 Ned6 37. Nxb5 Kg4 38. Nd4 Kh3 39. Ne6 g6 40.
Nf8 Kxh2 41. Nxg6 Kxg3 42. f5 Ne5+ 43. Ke2 Kg4 44. Nxe5+ fxe5 45. f6 Kf5 46. a4
Kxf6 47. a5 Kf5 48. a6 Nb5 49. Be3 Nc7 50. a7 h4 51. Kf3 e4+ 52. Kg2 Kg4 53.
Bb6 Na8 54. Bd4 h3+ 55. Kh2 Nc7 56. Bb6 Na8 57. Bd4 Kh4 58. Bf2+ Kg4 1/2-1/2

[Event "13. Sparkassen Open 2014 - Gruppe A"]
[Site "Forchheim"]
[Date "2014.10.04"]
[Round "3.3"]
[White "Hilverda, Alexander"]
[Black "Bunk, Karsten"]
[Result "1-0"]
[WhiteElo "2296"]
[BlackElo "2093"]
[PlyCount "101"]
[EventDate "2014.??.??"]

1. d4 g6 2. c4 Bg7 3. Nf3 d6 4. Nc3 e5 5. Bg5 f6 6. Be3 Ne7 7. g3 O-O 8. Bg2
Nf5 9. Bc1 h6 10. O-O Kh7 11. e3 Nd7 12. b3 Rb8 13. Bb2 Ne7 14. Qc2 Rf7 15.
Rad1 a6 16. c5 exd4 17. cxd6 dxc3 18. dxe7 Qxe7 19. Bxc3 Ne5 20. Nxe5 fxe5 21.
Be4 Bf5 22. Rd2 Rd8 23. Rfd1 Rxd2 24. Rxd2 Qc5 25. Bb2 Qxc2 26. Bxc2 Rd7 27.
Rxd7 Bxd7 28. Be4 c6 29. Kg2 Be8 30. h4 Kg8 31. g4 Kf7 32. g5 hxg5 33. hxg5 Bd7
34. f4 exf4 35. Bxg7 Kxg7 36. exf4 Be6 37. Kf2 Bd5 38. Ke3 Kf7 39. Bd3 c5 40.
Be2 Ke6 41. Bd3 Kf7 42. Kd2 a5 43. Kc3 a4 44. Bc4 Bxc4 45. bxc4 Ke6 46. Kd3 Kf5
47. Ke3 a3 48. Kf3 b6 49. Ke3 Kg4 50. Ke4 Kg3 51. f5 1-0

[Event "13. Sparkassen Open 2014 - Gruppe A"]
[Site "Forchheim"]
[Date "2014.10.04"]
[Round "3.4"]
[White "Carlstedt, Jonathan"]
[Black "Ulusoy, Tolga"]
[Result "1-0"]
[WhiteElo "2442"]
[BlackElo "2023"]
[PlyCount "101"]
[EventDate "2014.??.??"]

1. c4 e5 2. g3 Nf6 3. Bg2 d5 4. cxd5 Nxd5 5. Nc3 Nb6 6. Nf3 Nc6 7. O-O Be7 8.
d3 O-O 9. Be3 Be6 10. Rc1 Nd5 11. Nxd5 Bxd5 12. Qa4 f6 13. Rfd1 Kh8 14. a3 Qd7
15. Bc5 Rfd8 16. e3 Bxc5 17. Rxc5 Ne7 18. Qxd7 Rxd7 19. d4 Bc6 20. Rdc1 exd4
21. Nxd4 Bxg2 22. Kxg2 c6 23. b4 a6 24. Nb3 Rd3 25. R5c3 Rxc3 26. Rxc3 Kg8 27.
Rd3 Kf8 28. Rd7 b6 29. Rb7 a5 30. bxa5 bxa5 31. Nd4 Ke8 32. Ne6 Kf7 33. Nxg7
Kxg7 34. Rxe7+ Kg6 35. a4 h6 36. Kf3 Ra6 37. g4 Ra8 38. e4 Rc8 39. Ra7 c5 40.
Rxa5 c4 41. Rb5 c3 42. Rb1 c2 43. Rc1 Kg5 44. Kg3 Kg6 45. a5 Kf7 46. h4 Ke6 47.
Kf4 Rc6 48. a6 Rxa6 49. Rxc2 Ra1 50. h5 Kf7 51. Rc7+ 1-0

[Event "13. Sparkassen Open 2014 - Gruppe A"]
[Site "Forchheim"]
[Date "2014.10.04"]
[Round "3.5"]
[White "Thinius, Marco"]
[Black "Weber, Daniel"]
[Result "1/2-1/2"]
[WhiteElo "2335"]
[BlackElo "2003"]
[PlyCount "72"]
[EventDate "2014.??.??"]

1. c4 e6 2. g3 d5 3. Bg2 Nf6 4. Nf3 c5 5. O-O Nc6 6. e3 Be7 7. b3 O-O 8. Bb2 b6
9. Nc3 Bb7 10. cxd5 exd5 11. d4 Rc8 12. Rc1 Ba6 13. Re1 Nb4 14. Ne5 Bd6 15. a3
Bxe5 16. axb4 cxd4 17. exd4 Bb8 18. Ra1 Bb7 19. Bh3 Rc6 20. b5 Rc7 21. Qd3 Bc8
22. Bg2 Be6 23. Ba3 Re8 24. Na2 Qc8 25. Nb4 Rc3 26. Qb1 Bd6 27. Nc6 Bxa3 28.
Rxa3 Bd7 29. Rc1 Rxc1+ 30. Qxc1 a5 31. Ra2 Bh3 32. Qf1 Bxg2 33. Kxg2 Qf5 34.
Re2 Rxe2 35. Qxe2 Qe4+ 36. Qxe4 dxe4 1/2-1/2

[Event "13. Sparkassen Open 2014 - Gruppe A"]
[Site "Forchheim"]
[Date "2014.10.04"]
[Round "3.6"]
[White "Schulze, Andreas"]
[Black "Nussbaumer, Johann"]
[Result "1-0"]
[WhiteElo "2239"]
[BlackElo "2041"]
[PlyCount "65"]
[EventDate "2014.??.??"]

1. e4 c5 2. Nf3 Nc6 3. d4 cxd4 4. Nxd4 e5 5. Nb5 a6 6. Nd6+ Bxd6 7. Qxd6 Qf6 8.
Qd2 Nge7 9. Nc3 d6 10. Qg5 Nb4 11. Qd2 Nbc6 12. Be2 Nd4 13. O-O Qg6 14. f4
Nxe2+ 15. Qxe2 exf4 16. Bxf4 O-O 17. Qd3 Rd8 18. Rad1 Bg4 19. Rd2 d5 20. exd5
Qb6+ 21. Qe3 Qxb2 22. Be5 Ng6 23. Bd4 Rac8 24. Qg3 Bd7 25. h4 h5 26. Rxf7 Kxf7
27. Rf2+ Kg8 28. Qxg6 Qc1+ 29. Kh2 Qh6 30. Qf7+ Kh7 31. Ne4 Bg4 32. Ng5+ Kh8
33. Rf6 1-0